| 000 | 01056nam a2200265Ia 4500 | ||
|---|---|---|---|
| 003 | OSt | ||
| 005 | 20221005105838.0 | ||
| 006 | a|||||r|||| 00| 0 | ||
| 007 | ta | ||
| 008 | 221004b |||||||| |||| 00| 0 hin d | ||
| 020 |
_a8126010266 (hbk) _c700 |
||
| 024 | _a91929 | ||
| 037 |
_b537, 24/03/2009, Vani Prakashan _cTextual |
||
| 040 |
_aCRL _cCRL _bhin |
||
| 041 |
_2hin _ahin |
||
| 082 | _aO152,3N26:g, P3 | ||
| 100 | _aबांदिवडेकर, चन्द्रकान्त | ||
| 245 | 0 |
_aधर्मवीर भारती _b व्यक्तित्व और कृतित्व |
|
| 246 | _aDharmavīr bhāratī: vyaktitva aur kṛutitva | ||
| 260 |
_aनई दिल्ली _bसाहित्य अकादमी भारत _c2003 |
||
| 300 |
_a228पृ0 _ccm. |
||
| 650 | _aहिन्दी साहित्य | ||
| 942 |
_hO152,3N26:g, P3 _cTEXL _2cc |
||
| 999 |
_c1017068 _d1017068 |
||